8-11-2016 Rising India / (Record no. 142878)

MARC details
000 -LEADER
fixed length control field 00613nam a22001937a 4500
005 - DATE AND TIME OF LATEST TRANSACTION
control field 20181215111835.0
010 ## - LCCN (DPL NO)
LC control number ENG-119437
020 ## - INTERNATIONAL STANDARD BOOK NUMBER
International Standard Book Number 9788193340868
Terms of availability 950.00
035 ## - SYSTEM CONTROL NUMBER
System control number EN-102969
037 ## - SOURCE OF ACQUISITION
Source of stock number/acquisition DBAD/PUB
082 ## - DEWEY DECIMAL CLASSIFICATION NUMBER
Classification number 320.954
245 ## - TITLE STATEMENT
Title 8-11-2016 Rising India /
Statement of responsibility, etc edited by Sangeeta Mohan
260 ## - PUBLICATION, DISTRIBUTION, ETC. (IMPRINT)
Place of publication, distribution, etc Ghaziabad
Name of publisher, distributor, etc Kanhya Publishr
Date of publication, distribution, etc 2017
270 ## - ADDRESS
Address RTB 158, Royal Tower, Shipra Suncity
City Ghaziabad
Postal code 201010
300 ## - PHYSICAL DESCRIPTION
Extent vii, 288p. ;
Other physical details ill.
Dimensions 22cm (pbk)
500 ## - GENERAL NOTE
General note Includes bibliographical reference and index
700 ## - ADDED ENTRY--PERSONAL NAME
Personal name Mohan, Sangeeta
942 ## - ADDED ENTRY ELEMENTS (KOHA)
Source of classification or shelving scheme Dewey Decimal Classification
Item type English Books
Classification part 320.954
Call number suffix RIS
Holdings
Withdrawn status Lost status Not for loan Collection code Home library Current library Date acquired Source of acquisition Cost, normal purchase price Full call number Barcode Copy number Cost, replacement price Koha item type
    Not For Loan Non-fiction D.B.Act.Division Bawana 26/07/2017 DBAD/PUB 950.00 320.954 RIS EN-102969 1 950.00 English Books

© Delhi Public Library
Hit Counter
free hit counter